Introduction to plastics and composites : mechanical properties and engineering applications /
Guardado en:
| Autor Principal: | |
|---|---|
| Formato: | Libro |
| Idioma: | English |
| Publicado: |
New York :
M. Dekker,
c1996.
|
| Series: | Mechanical engineering (Marcel Dekker, Inc.) ;
101. |
| Materias: | |
| Acceso en línea: | Descripción |
| Etiquetas: |
Agregar Etiqueta
Sin Etiquetas, Sea el primero en etiquetar este registro!
|
| LEADER | 01224pam a22002895a 4500 | ||
|---|---|---|---|
| 001 | EIQ.libpla003674 | ||
| 008 | 950908s1996####nyua#####b####001#0#eng#d | ||
| 005 | 20080226184005.0 | ||
| 245 | 1 | 0 | |a Introduction to plastics and composites : |b mechanical properties and engineering applications / |c Edward Miller. |
| 260 | |a New York : |b M. Dekker, |c c1996. | ||
| 300 | |a viii, 434 p. : |b il. ; |c 24 cm. | ||
| 490 | 1 | |a Mechanical engineering ; |v 101 | |
| 504 | |a Incluye referencias bibliográficas (p. 425-427) e índice. | ||
| 020 | |a 0824796632 (alk. paper) | ||
| 100 | 1 | |a Miller, Edward, |d 1932- | |
| 830 | 0 | |a Mechanical engineering (Marcel Dekker, Inc.) ; |v 101. | |
| 082 | 0 | 0 | |a 620.1/92392 |2 20 |
| 650 | 4 | |a Plásticos |x Propiedades mecánicas. | |
| 650 | 4 | |a Compuestos poliméricos |x Propiedades mecánicas. | |
| 650 | 4 | |a Plásticos laminados |x Propiedades mecánicas. | |
| 650 | 0 | |a Plastics |x Mechanical properties. | |
| 650 | 0 | |a Polymeric composites |x Mechanical properties. | |
| 650 | 0 | |a Laminated plastics |x Mechanical properties. | |
| 010 | |a 95041064 | ||
| 040 | |a DLC |c DLC |d AR-BbSID | ||
| 856 | 4 | 2 | |3 Descripción |u http://www.loc.gov/catdir/enhancements/fy0647/95041064-d.html |
| 859 | |a AR-BbSID |b BIB. PLAPIQUI |h 668.4 |i M 612 |p 4896 | ||
